<The> Bright and the dark side of cross-border banking linkages

Hľadanie odpovede na otázku, či väčšia prepojenosť bankových systémov jednotlivých krajín s globálnou bankovou sieťou prinesie väčšiu alebo menšiu stabilitu tohto systému. Meranie bankovej (ne)stability.

Guardado en:
Detalles Bibliográficos
Autor principal: Čihák, Martin
Otros Autores: Muñoz, Sònia, Scuzzarella, Ryan
Formato: Capítulo de libro
Lenguaje:inglés
Materias:
Etiquetas: Agregar Etiqueta
Sin Etiquetas, Sea el primero en etiquetar este registro!

MARC

LEADER 00000naa a2200000 4500
001 0157001
005 20231010120101.5
041 0 |a eng 
044 |a CZ 
245 1 0 |a <The> Bright and the dark side of cross-border banking linkages  |c Martin Čihák, Sònia Muñoz, Ryan Scuzzarella 
520 |a Hľadanie odpovede na otázku, či väčšia prepojenosť bankových systémov jednotlivých krajín s globálnou bankovou sieťou prinesie väčšiu alebo menšiu stabilitu tohto systému. Meranie bankovej (ne)stability. 
610 2 0 |a sústava banková 
610 2 0 |a banky 
610 2 0 |a stabilita finančná 
610 2 0 |a kríza banková 
610 2 0 |a analýza sieťová 
610 2 0 |a odhady 
100 1 |a Čihák, Martin 
700 1 |a Muñoz, Sònia 
700 1 |a Scuzzarella, Ryan